<?xml version="1.0" encoding="UTF-8"?><?xml-stylesheet type="text/xsl" href="static/style.xsl"?><OAI-PMH xmlns="http://www.openarchives.org/OAI/2.0/" xmlns:xsi="http://www.w3.org/2001/XMLSchema-instance" xsi:schemaLocation="http://www.openarchives.org/OAI/2.0/ http://www.openarchives.org/OAI/2.0/OAI-PMH.xsd"><responseDate>2026-06-03T00:05:34Z</responseDate><request verb="GetRecord" identifier="oai:riuma.uma.es:10630/40184" metadataPrefix="marc">https://riuma.uma.es/rest/oai/request</request><GetRecord><record><header><identifier>oai:riuma.uma.es:10630/40184</identifier><datestamp>2026-02-03T10:54:13Z</datestamp><setSpec>com_10630_2254</setSpec><setSpec>col_10630_37953</setSpec></header><metadata><record xmlns="http://www.loc.gov/MARC21/slim" xmlns:dcterms="http://purl.org/dc/terms/" xmlns:doc="http://www.lyncode.com/xoai" xmlns:xsi="http://www.w3.org/2001/XMLSchema-instance" xsi:schemaLocation="http://www.loc.gov/MARC21/slim http://www.loc.gov/standards/marcxml/schema/MARC21slim.xsd">
   <leader>00925njm 22002777a 4500</leader>
   <datafield ind2=" " ind1=" " tag="042">
      <subfield code="a">dc</subfield>
   </datafield>
   <datafield ind2=" " ind1=" " tag="720">
      <subfield code="a">Marcos-Cobaleda, María</subfield>
      <subfield code="e">author</subfield>
   </datafield>
   <datafield ind2=" " ind1=" " tag="260">
      <subfield code="c">2022</subfield>
   </datafield>
   <datafield ind2=" " ind1=" " tag="520">
      <subfield code="a">The aim of this article is to present the main aspects of the methodology employed in my&#xd;
research concerning artistic transfers in the late medieval Mediterranean from Islamic to Christian&#xd;
art, with a special focus on the Iberian Peninsula. The starting point of the research was the selection&#xd;
of certain artistic elements incorporated into western Islamic art during the Almoravid period (in&#xd;
particular, the muqarnas and the pointed-horseshoe arches), to analyse their spread in western Islamic&#xd;
art and beyond. A Geographic Information System (GIS) was applied to create two databases and&#xd;
assess the distribution of these elements in the Mediterranean framework between the 12th and&#xd;
15th centuries. As a result, different analyses and cartographic material developed with the GIS&#xd;
are thus included in this work. The GIS made it possible to analyse not only geographic aspects of&#xd;
the distribution of these elements but also other complex phenomena related to the muqarnas.&#xd;
and the pointed-horseshoe arches in a quantitative way, which allowed me to raise some preliminary&#xd;
hypotheses concerning the use and distribution of both elements in the Mediterranean framework.</subfield>
   </datafield>
   <datafield ind1="8" ind2=" " tag="024">
      <subfield code="a">Marcos Cobaleda, María. 2022. Artistic Transfers from Islamic to Christian Art: A Study with Geographic Information Systems (GIS). Histories 2: 439–456. https:// doi.org/10.3390/histories2040031</subfield>
   </datafield>
   <datafield ind1="8" ind2=" " tag="024">
      <subfield code="a">https://hdl.handle.net/10630/40184</subfield>
   </datafield>
   <datafield ind1="8" ind2=" " tag="024">
      <subfield code="a">10.3390/histories2040031</subfield>
   </datafield>
   <datafield ind2="0" ind1="0" tag="245">
      <subfield code="a">Artistic transfers from Islamic to Christian art: a study with Geographic Information Systems (GIS)</subfield>
   </datafield>
</record>
</metadata></record></GetRecord></OAI-PMH>